[Event "Garmisch"]
[Site "Garmisch"]
[Date "1994.??.??"]
[Round "4"]
[White "Hertneck, Gerald"]
[Black "Short, Nigel D"]
[Result "0-1"]
[WhiteElo "2605"]
[BlackElo "2665"]

1.Nf3 Nf6 2.c4 e6 3.Nc3 d5 4.d4 Be7 5.Bf4 O-O 6.e3 c5 7.dxc5 Bxc5 8.Be2 dxc4
9.Bxc4 a6 10.Qe2 b5 11.Bd3 Bb7 12.O-O Nbd7 13.e4 Nh5 14.Bg5 Qb8 15.Rad1 h6
16.Bc1 Nf4 17.Bxf4 Qxf4 18.Bxb5 axb5 19.Rxd7 Bc6 20.Rdd1 b4 21.Qc4 Ra5 22.Nd4 Bb7
23.Qb3 bxc3 24.Qxb7 Rb8 25.Qd7 Ra7 26.Qc6 Bxd4 27.Rxd4 cxb2 28.g3 Qe5 29.Rdd1 Rxa2
30.Rb1 Ra1 31.Qc2 g5 32.h3 Rb4 33.Kg2 Rxb1 34.Rxb1 Kg7 35.Qd3  0-1

[Event "Peer Gynt"]
[Site "Gausdal"]
[Date "1994.??.??"]
[Round "7"]
[White "Tregubov, Pavel V"]
[Black "Gunnarsson, A."]
[Result "1-0"]
[WhiteElo "2545"]
[BlackElo "2040"]

1.Nf3 d5 2.d4 Nf6 3.c4 e6 4.Nc3 Be7 5.Bf4 O-O 6.e3 c6 7.h3 Nbd7 8.Bd3 dxc4
9.Bxc4 b5 10.Bd3 Bb7 11.O-O a6 12.a4 Nb6 13.Ne5 Rc8 14.Qf3 Rc7 15.Ng4 Rd7
16.Nxf6+ Bxf6 17.Be4 Nc4 18.Qe2 Be7 19.Rfc1 Na5 20.Rab1 b4 21.Na2 Qb6 22.Be5 Rc8
23.Qh5 f5 24.Bf3 Nb3 25.Rd1 c5 26.Nc1 Nxc1 27.Rbxc1 c4 28.Rxc4 g6 29.Rxc8+ Bxc8
30.Qh6 Bf8 31.Qh4 h6 32.Qf6 Rg7 33.Rc1 Bd7 34.Rc7 a5 35.Bc6 Qxc6 36.Rxc6 Bxc6
37.Qxe6+ Kh7 38.Bxg7 Bxg7 39.Qxc6  1-0

[Event "Bundesliga 9394"]
[Site "Germany"]
[Date "1994.??.??"]
[Round "?"]
[White "Muse, Mladen"]
[Black "Pfleger, Helmut"]
[Result "0-1"]
[WhiteElo "2455"]
[BlackElo "2485"]

1.d4 d5 2.c4 e6 3.Nc3 Nf6 4.Nf3 Be7 5.Bf4 c6 6.e3 O-O 7.Qc2 b6 8.Ne5 Bb7
9.cxd5 Nxd5 10.Nxd5 Qxd5 11.Bd3 Qa5+ 12.Ke2 Ba6 13.Nc4 Qh5+ 14.f3 Nd7 15.h4 f5
16.Rag1 Kh8 17.b3 c5 18.g4 Qf7 19.gxf5 exf5 20.Ne5 Bxd3+ 21.Qxd3 Nxe5 22.Bxe5 Bf6
23.Qxf5 Qb7 24.Qe4 Qa6+ 25.Ke1 Bxe5 26.Qxe5 Rg8 27.d5 Qxa2 28.Rh2 Qxb3 29.Rb2 Qa3
30.Re2 Rae8 31.Qf4 Rgf8 32.Qg4 Rf7 33.Kf2 Qd3 34.e4 Ref8 35.Rg3 c4 36.h5 h6
37.Re3 Qd2+ 38.Re2 Qd4+ 39.Kg2 c3 40.Qe6 Qd3 41.Rf2 b5 42.Qc6 b4 43.d6 Qd4
44.f4 Rxf4 45.Rxf4 Qd2+ 46.Kh3 Qxf4 47.d7 Qf1+ 48.Rg2 Qh1+ 49.Kg3 Qxh5 50.Qc8 Qe5+
51.Kh4 Qxe4+ 52.Rg4 Qe7+  0-1

[Event "BL2-O9394"]
[Site "Germany"]
[Date "1994.??.??"]
[Round "?"]
[White "Bewersdorff, Oliver"]
[Black "Goehring, Karl Heinz"]
[Result "1/2-1/2"]
[WhiteElo "2300"]
[BlackElo "2310"]

1.d4 d5 2.c4 e6 3.Nf3 Nf6 4.Nc3 Be7 5.Bf4 O-O 6.Qc2 c5 7.dxc5 Bxc5 8.a3 Nc6
9.O-O-O Qa5 10.Bd2 dxc4 11.Na4 Qb5 12.e3 Be7 13.Bxc4 Qh5 14.h3 Qg6 15.Qxg6 hxg6
16.Nc3 Rd8 17.e4 b6 18.Be3  1/2-1/2

[Event "BL2-S9394"]
[Site "Germany"]
[Date "1994.??.??"]
[Round "?"]
[White "Kargoll, Boris"]
[Black "Schmidt, Gerhardt"]
[Result "1/2-1/2"]
[WhiteElo "2315"]
[BlackElo "2255"]

1.d4 d5 2.Nf3 Nf6 3.c4 e6 4.Nc3 Be7 5.Bf4 O-O 6.e3 c5 7.dxc5 Bxc5 8.cxd5 Nxd5
9.Nxd5 Qxd5 10.Qxd5 exd5 11.a3 Nc6 12.Bb5 Be7 13.Ne5 Nd8 14.Nd7 Bxd7 15.Bxd7 Ne6
16.O-O-O Nxf4 17.exf4 Bc5 18.Rxd5 Bxf2 19.Kb1 Rfd8 20.Rhd1 Kf8 21.Ba4 Bb6
22.Rd7 Rxd7 23.Rxd7 Rd8 24.Rxb7 Rd4 25.Bc6  1/2-1/2

[Event "Bundesliga 9394"]
[Site "Germany"]
[Date "1994.??.??"]
[Round "?"]
[White "Thinius, Marco"]
[Black "Gauglitz, Gernot"]
[Result "0-1"]
[WhiteElo "2300"]
[BlackElo "2415"]

1.Nf3 Nf6 2.c4 e6 3.Nc3 d5 4.d4 Be7 5.Bf4 O-O 6.e3 c5 7.dxc5 Qa5 8.a3 dxc4
9.Bxc4 Qxc5 10.Ba2 Nc6 11.Rc1 Qa5 12.O-O e5 13.Bg3 Bg4 14.Qc2 Rac8 15.Nd2 b5
16.Nde4 b4 17.Bb1 g6 18.axb4 Nxb4 19.Nxf6+ Bxf6 20.Qe4 Be6 21.Rfd1 Bg7 22.Qf3 f5
23.Rd6 e4 24.Qd1 Bc4 25.Rd7 Nd3 26.Bxd3 exd3 27.Ra1 Bxc3 28.Rxa5 Bxa5 29.Be5 Rf7
30.Rxf7 Bxf7 31.Bc3 Bxc3 32.bxc3 Rd8 33.Qd2 Bc4 34.h4 a5 35.e4 f4 36.Kh2 a4
37.h5 g5 38.g3 a3 39.gxf4 a2 40.f5 h6 41.Qb2 Ra8 42.Qb6 a1=Q 43.Qg6+ Kf8
44.Qxh6+ Ke7 45.Qg7+ Bf7 46.Qe5+ Kd7 47.Qb5+ Kd8 48.Qb6+ Ke8 49.Qc6+ Kf8
50.Qh6+ Ke7 51.e5 Qa6 52.Qxg5+ Ke8 53.h6 Qb6 54.Qf4 Kd7 55.h7 Rh8 56.e6+ Bxe6
57.fxe6+ Qxe6 58.Qa4+ Ke7 59.Qh4+ Kf7 60.Qf4+ Kg7 61.Qd4+ Kxh7 62.Qxd3+ Kg7+  0-1

[Event "Oberliga Nord O9495"]
[Site "Germany"]
[Date "1994.??.??"]
[Round "?"]
[White "Thinius, Marco"]
[Black "Berndt, Klaus"]
[Result "1/2-1/2"]
[WhiteElo "2290"]
[BlackElo "2270"]

1.c4 e6 2.Nf3 Nf6 3.Nc3 d5 4.d4 Be7 5.Bf4 O-O 6.e3 c5 7.dxc5 Bxc5 8.Qc2 Qa5
9.a3 Nc6 10.Nd2 Bb4 11.cxd5 Nxd5 12.Nxd5 Bxd2+ 13.Qxd2 Qxd2+ 14.Kxd2 Rd8
15.Bd3 Rxd5 16.Ke2 e5 17.Bg3 Be6 18.Bc4 Rd6 19.Bxe6 Rxe6 20.Rhd1 Kf8 21.b4 a6
22.Rac1 Ke7 23.f3 Rd6 24.Rxd6 Kxd6 25.Be1 Rc8 26.Bc3 Ke6 27.g4 f6 28.h4 Ne7
29.h5 Nd5 30.Bd2 Rxc1 31.Bxc1 g6 32.hxg6 hxg6 33.Kd3 f5 34.e4 fxe4+ 35.fxe4 Nb6
36.Kc3 Nd7 37.g5 b5 38.Be3  1/2-1/2

[Event "Oberliga Nord O9495"]
[Site "Germany"]
[Date "1994.??.??"]
[Round "?"]
[White "Muse, Drazen"]
[Black "Baumbach, Friedrich"]
[Result "1/2-1/2"]
[WhiteElo "2345"]
[BlackElo "2295"]

1.d4 d5 2.Nf3 Nf6 3.c4 e6 4.Nc3 Be7 5.Bf4 O-O 6.e3 c5 7.dxc5 Qa5 8.a3 dxc4
9.Bxc4 Qxc5 10.Qe2 a6 11.O-O b5 12.Bd3 Bb7 13.Rac1 Qh5 14.Ne5 Qxe2 15.Nxe2 Nd5
16.Bg3 f6 17.Nf3 Rd8 18.Bb1 e5 19.Rfd1 Nb6 20.Rxd8+ Bxd8 21.Nd2 N8d7 22.f3 Rc8
23.Rxc8 Nxc8 24.Nc3 Bb6 25.Bf2 Nd6 26.Nce4 Nxe4 27.Nxe4 Bd5 28.Bd3 Nc5 29.Nxc5 Bxc5
30.h4 Bc6 31.b4 Bb6 32.e4 Bxf2+ 33.Kxf2 Kf7 34.Bc2 Bd7 35.Bb3+  1/2-1/2

[Event "BL2-W9394"]
[Site "Germany"]
[Date "1994.??.??"]
[Round "?"]
[White "Siebrecht, Sebastian"]
[Black "Unzicker, Wolfgang"]
[Result "1-0"]
[WhiteElo "2360"]
[BlackElo "2440"]

1.d4 Nf6 2.Nf3 d5 3.c4 e6 4.Nc3 Be7 5.Bf4 O-O 6.e3 c5 7.cxd5 exd5 8.Be2 Nc6
9.O-O Be6 10.Rc1 Rc8 11.h3 a6 12.dxc5 Bxc5 13.Nd4 Nxd4 14.exd4 Ba7 15.Bg5 Qb6
16.Bxf6 gxf6 17.Bd3 Qxd4 18.Qf3 Bb8 19.Rfe1 Qf4 20.Qh5 h6 21.Rcd1 Qg5 22.Qf3 Rfd8
23.Bb1 Qf4 24.Qd3 f5 25.g3 Qb4 26.Qf3 d4 27.Ne2 Qxb2 28.Bxf5 Bxf5 29.Qxf5 Qxa2
30.Nxd4 Ba7 31.Qg4+ Kf8 32.Qf4 Qb2 33.Ne6+  1-0

[Event "Graz op"]
[Site "Graz"]
[Date "1994.??.??"]
[Round "4"]
[White "Schroll, Gerhard"]
[Black "Burmakin, Vladimir"]
[Result "0-1"]
[WhiteElo "2370"]
[BlackElo "2530"]

1.d4 d5 2.c4 e6 3.Nc3 Be7 4.Nf3 Nf6 5.Bf4 O-O 6.e3 b6 7.cxd5 Nxd5 8.Nxd5 exd5
9.Bd3 c5 10.Ne5 cxd4 11.exd4 Bb4+ 12.Kf1 Nd7 13.Nc6 Qf6 14.Nxb4 Qxf4 15.Nxd5 Qd6
16.Qf3 Rb8 17.Bc4 b5 18.Bb3 Bb7 19.Qf4 Qa6 20.h4 Bxd5 21.Bxd5 b4+ 22.Kg1 Qe2
23.Rb1 Nf6 24.Bb3 Rbe8 25.f3 Qa6 26.Kh2 Nh5 27.Qc7 Qf6 28.Kh3 Re2 29.Rhg1 Nf4+
30.Kg3 Nh5+ 31.Kh3 Qf5+ 32.Kh2 Qxf3 33.Rbf1 Rf2 34.Qe5 Nf4 35.Rxf2 Qxf2 36.Qg5 Qxd4
37.Rf1 Ng6 38.h5 Qd6+ 39.Kh1 Ne5 40.Rf5 Re8 41.Qf4 Qe7 42.h6 g6 43.Rf6 Rf8
44.Ra6 Rc8 45.Ra5 Ng4 46.Qxg4 Rc1+ 47.Bd1 Qd6 48.Kg1 Rxd1+ 49.Kf2 Rd2+ 50.Ke1 Rc2
51.Qg5 Qd4 52.Qd8+ Qxd8 53.Rd5 Qxd5 54.a4 Qxg2 55.Kd1 Qd2+  0-1

[Event "GRE-ch"]
[Site "?"]
[Date "1994.??.??"]
[Round "4"]
[White "Skembris, Spyridon"]
[Black "Kofidis, Andreas"]
[Result "0-1"]
[WhiteElo "2525"]
[BlackElo "2385"]

1.d4 Nf6 2.c4 e6 3.Nc3 d5 4.Nf3 Be7 5.Bf4 c6 6.e3 Nbd7 7.h3 O-O 8.Bd3 dxc4
9.Bxc4 Nb6 10.Bd3 Nbd5 11.Be5 Nxc3 12.bxc3 c5 13.O-O b6 14.Ng5 h6 15.Bxf6 Bxf6
16.Nh7 Re8 17.Nxf6+ Qxf6 18.Be4 Rb8 19.dxc5 Ba6 20.Re1 bxc5 21.Qa4 Bb5 22.Qxa7 Qxc3
23.a4 Qe5 24.Bf3 Bd3 25.a5 c4 26.Qd4 Qb5 27.Qc3 e5 28.Be2 e4 29.Bxd3 exd3
30.a6 Qb4 31.Ra3 Rb6 32.Rea1 Ra8 33.a7 Kf8 34.g4 Qxc3 35.Rxc3 Rb4 36.Kg2 Ke7
37.Kf3 Kd6 38.Ke4 Kc5 39.Ra5+ Rb5 40.Ra4 Rb4 41.Ra5+ Kb6 42.Rd5 Rxa7 43.Rd6+ Kc5
44.Rd5+ Kb6 45.Rd6+ Kb5 46.Rd5+ Ka4 47.Kd4 Rc7 48.Rd8 d2 49.Ke4 Rb3 50.Rc2 c3
51.Ra8+ Kb4 52.Rb8+ Kc4 53.Rd8 Rb2 54.Rdxd2 Rxc2 55.Rxc2 Re7+ 56.Kf3 Kd3
57.Rc1 Kd2  0-1

[Event "HUN-chT 9394"]
[Site "?"]
[Date "1994.??.??"]
[Round "?"]
[White "Rezsek, Gyozo"]
[Black "Letay, Gyula"]
[Result "1/2-1/2"]
[WhiteElo "2085"]
[BlackElo "2280"]

1.d4 Nf6 2.c4 e6 3.Nc3 d5 4.Nf3 Be7 5.Bf4 O-O 6.e3 b6 7.cxd5 Nxd5 8.Nxd5 exd5
9.Bd3 c5 10.O-O Nc6 11.Ne5 Nxe5 12.Bxe5 Bd6 13.Bxd6 Qxd6 14.dxc5 bxc5 15.Rc1 f5
16.b3 Be6 17.Be2 Rac8 18.Qd2 Rfd8 19.Rfd1 Qb6 20.Qb2 Qd6 21.Qa3 Qb6 22.Qb2 Qb8
23.Qa3 Qb6 24.Qb2 Qc7 25.Qa3 Qe7 26.Qa5 Bf7 27.Bf3 Qd6 28.g3 g5 29.Qxa7 f4
30.exf4 gxf4 31.Qa5 fxg3 32.hxg3 d4 33.Qd2 h6 34.Bg4 Rc7 35.Qf4 Qxf4 36.gxf4 Kg7
37.Rd2 Kf6 38.Kf1 c4 39.bxc4 Bxc4+ 40.Ke1 d3 41.Rb2 Rg8 42.Rb6+ Ke7 43.Rb4 Rxg4
44.Rcxc4 Rd7 45.Rd4 Rg1+ 46.Kd2 Ra1 47.Rxd7+ Kxd7 48.Ra4 h5 49.f5 h4 50.Rxh4 Rxa2+
51.Kxd3 Ke7  1/2-1/2

[Event "HUN-chT2 9394"]
[Site "?"]
[Date "1994.??.??"]
[Round "?"]
[White "Soponyai, Tamas"]
[Black "Blazsik, Zoltan"]
[Result "1/2-1/2"]
[WhiteElo "2120"]
[BlackElo "2080"]

1.d4 e6 2.c4 d5 3.Nf3 Nf6 4.Nc3 Be7 5.Bf4 O-O 6.e3 b6 7.Bd3 Bb7 8.O-O a6
9.cxd5 exd5 10.Rc1 Nbd7 11.Ne5 c5 12.Qf3 Rc8 13.Qh3 g6 14.Bh6 Re8 15.f4 Nxe5
16.fxe5 Ne4 17.Nxe4 dxe4 18.Bc4 Bd5 19.Bxa6 Rc7 20.Bb5 Bc6 21.Bc4 Bd5 22.Bb5 Bc6
23.Bc4 Bd5 24.Bb5 Bc6  1/2-1/2

[Event "Ikaria op"]
[Site "Ikaria"]
[Date "1994.??.??"]
[Round "3"]
[White "Nikolaidis, Ioannis"]
[Black "Cicak, Slavko"]
[Result "1/2-1/2"]
[WhiteElo "2460"]
[BlackElo "2310"]

1.d4 d5 2.c4 e6 3.Nc3 Be7 4.Nf3 Nf6 5.Bf4 O-O 6.Qc2 c5 7.O-O-O cxd4 8.Nxd4 Nc6
9.e3 Bd7 10.Kb1 Rc8  1/2-1/2

[Event "Heart of Finland op 4th"]
[Site "Jyvaskyla"]
[Date "1994.??.??"]
[Round "?"]
[White "Shevelev, Sergei"]
[Black "Westerinen, Heikki MJ"]
[Result "1-0"]
[WhiteElo "2445"]
[BlackElo "2370"]

1.d4 d5 2.Nf3 Nf6 3.c4 e6 4.Nc3 Be7 5.Bf4 O-O 6.e3 c5 7.dxc5 Bxc5 8.Qc2 dxc4
9.Bxc4 Nc6 10.O-O a6 11.Rfd1 Qa5 12.a3 Be7 13.Ng5 b5 14.Nce4 Nxe4 15.Qxe4 Bxg5
16.Bd3 f5 17.Qxc6 Bxf4 18.Qxa8 Be5 19.Rac1 Bd7 20.Qb7 Be8 21.Rc8 Bxb2 22.Qe7 Bxa3
23.Qxe6+ Bf7 24.Qxf5 g6 25.Rxf8+ Bxf8 26.Qc8 Qb6 27.Be4 Qf6 28.Rb1 Bc4 29.h3 a5
30.Qa8 Qe5 31.Rd1 a4 32.Rd8 Qa1+ 33.Kh2 Qe5+ 34.g3 Qf6 35.Kg2 b4 36.Rd4 Qa6
37.Rxc4  1-0

[Event "Heart of Finland op 4th"]
[Site "Jyvaskyla"]
[Date "1994.??.??"]
[Round "?"]
[White "Maki Uuro, Miikka"]
[Black "Tuomala, T."]
[Result "1/2-1/2"]
[WhiteElo "2275"]
[BlackElo "2225"]

1.d4 d5 2.c4 e6 3.Nc3 Be7 4.Nf3 Nf6 5.Bf4 O-O 6.e3 c5 7.dxc5 Bxc5 8.Rc1 Nc6
9.cxd5 exd5 10.Be2 d4 11.exd4  1/2-1/2

[Event "JUG-ch sf"]
[Site "Kladovo"]
[Date "1994.??.??"]
[Round "?"]
[White "Scekic, Milos"]
[Black "Markovic, Zoran S"]
[Result "1-0"]
[WhiteElo "2265"]
[BlackElo "2395"]

1.d4 d5 2.c4 e6 3.Nc3 Nf6 4.Nf3 Be7 5.Bf4 O-O 6.e3 c5 7.dxc5 Bxc5 8.a3 Nc6
9.Qc2 Qa5 10.O-O-O Bd7 11.g4 Rfc8 12.Kb1 b5 13.cxb5 Ne7 14.Qa4 Qd8 15.Ne5 Be8
16.Qa6 Rcb8 17.Nc4 Nxg4 18.Rg1 Nxf2 19.Rd2 Nf5 20.Bg2 Qh4 21.Bxd5 exd5 22.Rxd5 Nxe3
23.Rxg7+ Kxg7 24.Rg5+ Qxg5 25.Bxg5 Neg4 26.h3 Bd4 27.hxg4 Nxg4 28.a4 Bb6
29.Bf4 Rc8 30.Nxb6 axb6 31.Qxb6 Bd7 32.Qd4+  1-0

[Event "Kstovo op"]
[Site "Kstovo"]
[Date "1994.??.??"]
[Round "5"]
[White "Lugovoi, Aleksei"]
[Black "Margolin, Boris"]
[Result "1-0"]
[WhiteElo "2465"]
[BlackElo "2400"]

1.d4 d5 2.c4 e6 3.Nc3 Be7 4.Nf3 Nf6 5.Bf4 O-O 6.e3 a6 7.cxd5 exd5 8.Bd3 Nbd7
9.O-O Re8 10.Qb3 Nf8 11.Rac1 Ne6 12.Be5 c6 13.h3 Bd6 14.Na4 Bxe5 15.Nxe5 Qd6
16.Qc2 Nf8 17.Qc5 Qd8 18.b4 N6d7 19.Nxd7 Bxd7 20.Qd6 Qg5 21.Kh2 Bf5 22.Bxf5 Qxf5
23.Nc5 Rab8 24.a4 Red8 25.Qg3 Qf6 26.Rb1 Qd6 27.b5 axb5 28.axb5 Ne6 29.Nd3 Rbc8
30.Rfc1 Qxg3+ 31.Kxg3 Rd6 32.bxc6 bxc6 33.Rb6 Nd8 34.Ra1 Rc7 35.Ra8 Kf8 36.Rbb8 Ke7
37.Nc5 Ne6 38.Re8+ Kf6 39.e4 Rdd7 40.Nxd7+ Rxd7 41.e5+ Kf5 42.Ra4 Ke4 43.Rc8 Nxd4
44.Rxc6 Kxe5 45.f4+ Ke4 46.Rc1 Ke3 47.Rc3+ Kd2 48.Rc5 Ne6 49.Rb5 d4 50.f5 Nd8
51.Rb2+ Kc1 52.Rf2 Kb1  1-0

[Event "Kstovo op"]
[Site "Kstovo"]
[Date "1994.??.??"]
[Round "9"]
[White "Ivanov, Sergey"]
[Black "Talanin, Andrei"]
[Result "1-0"]
[WhiteElo "2490"]
[BlackElo "2260"]

1.d4 d5 2.c4 e6 3.Nc3 Nf6 4.Nf3 Be7 5.Bf4 O-O 6.e3 a6 7.Qc2 Nbd7 8.Rd1 h6
9.a3 dxc4 10.Bxc4 b5 11.Ba2 c6 12.e4 Re8 13.Bb1 Nf8 14.Ne5 Bb7 15.O-O Qb6
16.b4 Red8 17.Be3 Qc7 18.h3 c5 19.bxc5 Bxc5 20.Nxf7 Bxa3 21.Nxd8 Rxd8 22.Qb3 b4
23.Na2 a5 24.f3 Ra8 25.Nc1 a4 26.Qa2 Ba6 27.Bd3 Qc3 28.Bf2 Bxc1 29.Bxa6 b3
30.Rxc1 Qxc1 31.Rxc1 bxa2 32.Bc4 Kf7 33.Bxa2 Rb8 34.Rc7+ Kg6 35.Ra7 Rb4 36.d5 exd5
37.Bc5 Rb2 38.Bxf8 Rxa2 39.Rxg7+ Kh5 40.Be7  1-0

[Event "Las Vegas op"]
[Site "Las Vegas"]
[Date "1994.??.??"]
[Round "?"]
[White "Booth, Stephen A"]
[Black "Sandager, Stephen"]
[Result "1/2-1/2"]
[WhiteElo "2290"]
[BlackElo "2325"]

1.d4 d5 2.Nf3 Nf6 3.c4 e6 4.Nc3 Be7 5.Bf4 O-O 6.e3 c5 7.Bd3 dxc4 8.Bxc4 Nc6
9.Ne5 cxd4 10.Nxc6 bxc6 11.exd4 Qb6 12.Qd2 Rd8 13.Be3 Ba6 14.Bxa6 Qxa6 15.Qe2 Qa5
16.O-O Rab8 17.Rfc1 Nd5 18.Ne4 Qb5 19.Rc2 Qxe2 20.Rxe2 f5 21.Nc3 Nxe3 22.fxe3 c5
23.dxc5 Bxc5 24.Na4 Be7 25.Rc1 Rbc8 26.Rec2 Rxc2 27.Rxc2 Bg5 28.Kf2 Rd3 29.Rc8+ Kf7
30.Rc7+ Kg6 31.Rxa7 Bxe3+ 32.Ke2 Bxa7 33.Kxd3 e5 34.b4 e4+ 35.Ke2 Kf6 36.b5 Bb8
37.h3 Ke6 38.Nc3 Be5 39.Nd1 Bd4 40.a4 Kd6 41.Ne3 g6 42.Nc2 Bc3 43.Ke3 Kd5
44.b6 Kc6 45.g4 Kxb6 46.gxf5 gxf5 47.Kf4 Bd2+ 48.Kxf5 e3 49.Nd4 Ka5 50.Ke4 Kxa4
51.Kd3 Kb4  1/2-1/2

[Event "Linares op"]
[Site "Linares"]
[Date "1994.??.??"]
[Round "8"]
[White "Ibragimov, Ildar"]
[Black "Korneev, Oleg"]
[Result "0-1"]
[WhiteElo "2525"]
[BlackElo "2500"]

1.d4 d5 2.c4 e6 3.Nc3 Be7 4.Nf3 Nf6 5.Bf4 O-O 6.e3 c5 7.dxc5 Bxc5 8.Be2 dxc4
9.Bxc4 a6 10.O-O b5 11.Bd3 Bb7 12.Qe2 Be7 13.Rfd1 Qb6 14.Ng5 Nc6 15.a4 h6
16.Nge4 Nb4 17.a5 Qa7 18.Nxf6+ Bxf6 19.Be4 Rfd8 20.Bxh6 Bxc3 21.Bxb7 Qxb7
22.bxc3 Nd5 23.c4 bxc4 24.e4 Nf6 25.Rxd8+ Rxd8 26.Bg5 c3 27.e5 Qb2 28.Qxb2 cxb2
29.Rb1 Rd5 30.h4 Ng4 31.g3 Nxe5 32.Rxb2 Nf3+ 33.Kg2 Nxg5 34.hxg5 Rxg5 35.Ra2 Rb5
36.f4 f5 37.Kh3 Kf7 38.g4 Kf6 39.Ra3 Rc5 40.Kh4 Rb5 41.Kg3 g5 42.gxf5 Kxf5
43.fxg5 Kxg5 44.Kf3 Kf5 45.Ke3 Ke5 46.Kd3 Kd5 47.Kc3 e5 48.Ra1 Rc5+ 49.Kd3 Kc6
50.Ke4 Kb5 51.Ra2 Kb4 52.Ra1 Rb5 53.Ra2 Rxa5 54.Rb2+ Kc3 55.Rb6 Ra1 56.Rc6+ Kb4
57.Kxe5 a5 58.Ke4 Rd1 59.Ke3 a4 60.Rb6+ Kc3 61.Rc6+ Kb4 62.Rb6+ Ka5 63.Rb8 a3
64.Ra8+ Kb4 65.Rb8+ Kc3 66.Rc8+ Kb2 67.Rb8+ Ka1 68.Ra8 a2 69.Ke2 Rb1 70.Kd3 Kb2
71.Rb8+ Kc1 72.Rc8+ Kd1 73.Rh8 Rb3+ 74.Kc4 Rc3+ 75.Kd4 Ra3  0-1

[Event "Litomysl op"]
[Site "Litomysl"]
[Date "1994.??.??"]
[Round "?"]
[White "Kachur, Alexander"]
[Black "Dobias, Richard"]
[Result "1-0"]
[WhiteElo "2290"]
[BlackElo "2235"]

1.d4 d5 2.c4 e6 3.Nf3 Nf6 4.Nc3 Be7 5.Bf4 O-O 6.e3 c5 7.dxc5 Qa5 8.a3 dxc4
9.Bxc4 Qxc5 10.Qe2 Nbd7 11.O-O e5 12.b4 Qc7 13.Bg3 a5 14.Nb5 Qb6 15.bxa5 Qxa5
16.Nxe5 Nxe5 17.Bxe5 Bd7 18.a4 Bc6 19.Bc3 Qb6 20.Bd4 Qa5 21.f3 Rfd8 22.Qa2 Bd5
23.Rfc1 Bxc4 24.Qxc4 Nd5 25.Qb3 h6 26.h3 Ra6 27.Nc3 Nxc3 28.Bxc3 Qg5 29.f4 Qg6
30.Bd4 Qe4 31.Qb1 Qxb1 32.Rcxb1 Rda8 33.Rxb7 Bf8 34.Kf2 f6 35.Kf3 Rxa4 36.Rxa4 Rxa4
37.Ke4 Ra5 38.g4 h5 39.Rb8 hxg4 40.hxg4 Kf7 41.f5 Be7 42.Rb7 Ra4 43.Kf3 Ra5
44.Bc3 Ra4 45.Bd4 Ra5 46.Kg3 Kf8 47.Kh4 Ra2 48.Bb2 Bc5 49.Kh5 Ra7 50.Rxa7 Bxa7
51.Bd4 Bb8 52.Kg6 Bd6 53.g5 fxg5 54.Bxg7+ Ke8 55.Kxg5 Kf7 56.Bd4 Be7+ 57.f6  1-0

[Event "EU-ch U20 Girls"]
[Site "Litomysl"]
[Date "1994.??.??"]
[Round "9"]
[White "Izchenko, Olga"]
[Black "Aleksieva, Silvia"]
[Result "1/2-1/2"]
[WhiteElo "2260"]
[BlackElo "2240"]

1.d4 d5 2.c4 e6 3.Nc3 Nf6 4.Nf3 Be7 5.Bf4 O-O 6.e3 dxc4 7.Bxc4 a6 8.Ne5 b5
9.Qf3 Ra7 10.Bd3 Bb7 11.Qh3 b4 12.Na4 Be4 13.O-O Qe8 14.b3 Bxd3 15.Nxd3 Qb5
16.Rfd1 Nbd7 17.Rac1 Nb6 18.Ndb2 Nbd5 19.Be5 Nd7 20.Nd3 Qa5 21.Rc2 Bf6 22.Bxf6 N5xf6
23.Qf3 Nd5 24.e4 Nc3 25.Nxc3 bxc3 26.Nc1 Nf6 27.Ne2 c5 28.dxc5 Rc7 29.Rxc3 Qxa2
30.b4 h6 31.h3 Rb8 32.Rd4 Qb1+ 33.Rc1 Qb2 34.Rd6 Rxb4 35.e5 Qxe5 36.Rxa6 Rxc5
37.Ra8+ Kh7 38.Qd3+ g6 39.Rxc5 Qxc5 40.Ng3 Rb2 41.Qf3 Rb1+ 42.Kh2 Qg5 43.Ra4 h5
44.Ne4 Qe5+ 45.g3 Kg7 46.Qxf6+ Qxf6 47.Nxf6 Kxf6 48.Rf4+ Kg7 49.h4 e5 50.Ra4 Kf6
51.Ra7 Rb2 52.Kg2 Ke6 53.Kf3 f6 54.Ra4 Kf5 55.Ke3 Rb3+ 56.Ke2 Rb5 57.Ke3 e4
58.Ra6 g5 59.hxg5 fxg5 60.Rh6 Rb3+ 61.Ke2 Kg4 62.Re6 Rb4 63.Ke3 h4 64.gxh4 gxh4
65.Rh6 h3 66.Rh8 Rb5 67.Kxe4 Rh5 68.Rg8+ Kh4 69.Kf4  1/2-1/2

[Event "Ljubljana op"]
[Site "Ljubljana"]
[Date "1994.??.??"]
[Round "?"]
[White "Mikhalchishin, Adrian"]
[Black "Siska, J."]
[Result "1-0"]
[WhiteElo "2530"]
[BlackElo "2300"]

1.d4 d5 2.c4 e6 3.Nc3 Nf6 4.Nf3 Be7 5.Bf4 c6 6.e3 Nbd7 7.Qc2 h6 8.Rd1 Nh5
9.Bd3 Nxf4 10.exf4 Nf6 11.O-O O-O 12.Ne5 Nd7 13.Qe2 Nxe5 14.fxe5 a6 15.f4 Bb4
16.cxd5 cxd5 17.g4 Bxc3 18.bxc3 Bd7 19.Bb1 Bb5 20.Qc2 g6 21.Rf3 Qe8 22.Re1 Ba4
23.Qf2 Qe7 24.f5 exf5 25.gxf5 g5 26.Rh3 g4 27.f6  1-0

[Event "Lloyds Bank op"]
[Site "London"]
[Date "1994.??.??"]
[Round "6"]
[White "Crouch, Colin S"]
[Black "Garcia, Gildardo"]
[Result "0-1"]
[WhiteElo "2395"]
[BlackElo "2540"]

1.d4 d5 2.c4 e6 3.Nc3 Nf6 4.Nf3 Be7 5.Bf4 O-O 6.Qc2 c5 7.dxc5 Bxc5 8.Rd1 Nc6
9.a3 e5 10.Bg5 d4 11.Nd5 Be7 12.Nxe7+ Qxe7 13.g3 d3 14.Qc3 dxe2 15.Bxe2 Bh3
16.g4 Bxg4 17.Rg1 Bf5 18.Nh4 Bg6 19.Bf3 Nd4 20.Kf1 Qe6 21.Bxb7 Ne4 22.Bxe4 Bxe4
23.Re1 Bb7 24.f4 f6 25.Bh6 Rf7 26.Re3 Rd8 27.Reg3 Rdd7 28.f5 Nxf5 29.Nxf5 Qxf5+
30.Ke1 Qh5 31.Bd2 Qxh2 32.Qe3 Rd4 33.Rh3 Qf4 34.Qe2 Qe4 35.Be3 Rxc4 36.Qd1 Rd4
37.Qb3 Rd3 38.Rxg7+ Kxg7 39.Rg3+ Kf8 40.Qxd3 Qxd3 41.Bc5+ Ke8 42.Rxd3 a6
43.b4 Rd7 44.Rg3 Kf7 45.a4 Ke6 46.Rg8 Kf5 47.Rf8 h5 48.Kf2 h4 49.Rh8 Rd2+
50.Ke3 Rh2 51.b5 axb5 52.axb5 h3  0-1

[Event "Paris-London"]
[Site "London"]
[Date "1994.??.??"]
[Round "8"]
[White "Wagner, Claude"]
[Black "McDonald, Neil R"]
[Result "1-0"]
[WhiteElo "2355"]
[BlackElo "2420"]

1.d4 d5 2.c4 e6 3.Nc3 Be7 4.Nf3 Nf6 5.Bf4 c5 6.dxc5 Bxc5 7.e3 Nc6 8.a3 a6
9.Qc2 dxc4 10.Rd1 Bd7 11.Bxc4 Rc8 12.O-O Be7 13.e4 b5 14.Be2 b4 15.axb4 Nxb4
16.Qb3 O-O 17.Bd6 Bxd6 18.Rxd6 Rb8 19.e5 Nfd5 20.Nxd5 Nxd5 21.Qa3 a5 22.Bc4 Nb6
23.Ba2 a4 24.Rfd1 Qc7 25.Qd3 Nd5 26.Ng5 g6 27.Qh3 h5 28.Bxd5 exd5 29.Qxd7 Qxd7
30.Rxd7 Rxb2 31.Ra7 Ra2 32.h4 Rc8 33.Rxd5 Rc1+ 34.Kh2 Rxf2 35.Rd8+ Kg7  1-0

[Event "London2"]
[Site "London"]
[Date "1994.??.??"]
[Round "8"]
[White "Whiteley, Andrew J"]
[Black "McDonald, Neil R"]
[Result "1/2-1/2"]
[WhiteElo "2305"]
[BlackElo "2390"]

1.d4 d5 2.c4 e6 3.Nc3 Be7 4.Nf3 Nf6 5.Bf4 c5 6.dxc5 Bxc5 7.e3 Nc6 8.a3 a6
9.Qc2 dxc4 10.Rd1 Qa5 11.Bxc4 Be7 12.O-O O-O 13.Ne4 Nxe4 14.Qxe4 Qf5 15.Qxf5 exf5
16.Rd2 Be6 17.Bxe6 fxe6 18.Rd7 Bf6 19.Rxb7 Na5 20.Rb4 Rfc8 21.Bg5 Kf7 22.Rd1 Bxg5
23.Nxg5+ Kf6 24.h4 h6 25.Nf3 Rab8 26.Ra4 Nc4 27.Rxa6 Rxb2 28.Rd7 g5 29.Rh7 g4
30.Nd4 Kg6 31.Re7 Nd2 32.Rexe6+ Kf7 33.Rf6+ Kg8 34.Rg6+ Kh7 35.Rxh6+ Kg8
36.g3 Rc1+ 37.Kg2 Ne4 38.Ra8+ Kf7 39.Ra7+ Kg8 40.Ra8+ Kf7 41.Ra7+  1/2-1/2

[Event "Lloyds Bank op"]
[Site "London"]
[Date "1994.??.??"]
[Round "9"]
[White "Psakhis, Lev"]
[Black "King, Daniel J"]
[Result "1-0"]
[WhiteElo "2605"]
[BlackElo "2495"]

1.d4 Nf6 2.c4 e6 3.Nf3 d5 4.Nc3 Be7 5.Bf4 O-O 6.e3 Nbd7 7.Qc2 c6 8.Rd1 a6
9.a3 dxc4 10.Bxc4 b5 11.Bd3 Bb7 12.b4 a5 13.Rb1 Re8 14.e4 Nf8 15.O-O Ng6
16.Be3 axb4 17.axb4 e5 18.Nxe5 Nxe5 19.dxe5 Ng4 20.e6 fxe6 21.e5 h6 22.Bf4 Rf8
23.Bg3 Bh4 24.Rbe1 Bxg3 25.hxg3 c5 26.Nxb5 cxb4 27.Bc4 Qb6 28.Nd6 Bd5 29.Bxd5 exd5
30.Nf5 Rae8 31.Qd3 Nxe5 32.Qxd5+ Qe6 33.Rxe5 Qxd5 34.Rxd5 Rb8 35.Rb1 b3 36.Nd4 b2
37.Rb5  1-0

[Event "SWZ-ch op"]
[Site "Luzern"]
[Date "1994.??.??"]
[Round "?"]
[White "Legky, Nikolay A"]
[Black "Haering, Thomas"]
[Result "1-0"]
[WhiteElo "2525"]
[BlackElo "1995"]

1.d4 d5 2.c4 e6 3.Nc3 Be7 4.Nf3 Nf6 5.Bf4 O-O 6.e3 c5 7.dxc5 Bxc5 8.a3 dxc4
9.Bxc4 Qxd1+ 10.Rxd1 a6 11.Ke2 b5 12.Ba2 Bb7 13.Ne5 Be7 14.f3 Nh5 15.Rd2 Re8
16.Rhd1 Nc6 17.Rd7 Nxf4+ 18.exf4 Nxe5 19.Rxb7 Nc6 20.Rb6 Rec8 21.Ne4 Na5
22.b4 Nc4 23.Rb7 Bf8 24.Bxc4 Rxc4 25.Rdd7 f5 26.Nc5 Rc2+ 27.Kf1 Ra2 28.Nxe6 Rxa3
29.Nxf8 Kxf8 30.Rf7+ Ke8 31.Rxg7 Kf8 32.Rxh7 Kg8 33.h4 Rc8 34.Kg1 Ra1+ 35.Kh2 Ra2
36.h5 Rcc2 37.Rbg7+ Kf8 38.h6  1-0

[Event "CRO-chT"]
[Site "Makarska"]
[Date "1994.??.??"]
[Round "1"]
[White "Puljek Salai, Zorica"]
[Black "Bazaj Bockai, Snjezana"]
[Result "1/2-1/2"]
[WhiteElo "2230"]
[BlackElo "2195"]

1.d4 d5 2.c4 e6 3.Nc3 Nf6 4.Nf3 Be7 5.Bf4 a6 6.e3 Nbd7 7.Qc2 O-O 8.cxd5 exd5
9.Bd3 Re8 10.g4 Nf8 11.h3 Ng6 12.Bh2 Bd6 13.O-O-O b5 14.g5 b4 15.Na4 Ne4
16.Rdg1 Be6 17.h4 c5 18.Bxd6 Qxd6 19.dxc5 Nxc5 20.Nxc5 Rec8 21.Kb1 Rxc5 22.Qa4 b3
23.axb3 d4 24.Nxd4 Bd7 25.Qa3 Ne5 26.Be4 Rac8 27.Rc1 Ng4 28.Rxc5 Rxc5 29.Rf1 a5
30.Ka2 Qb6 31.Bf3 Ne5 32.Be2 Nc6 33.Nxc6 Bxc6 34.Rd1 g6 35.Rd4 Bd5 36.Bc4 Bc6
37.Rf4 Be8 38.Rf6 Qc7 39.Kb1 Kg7 40.Rf4 h6 41.gxh6+ Kxh6 42.Rd4 Kg7 43.Rd5 Rxd5
44.Bxd5 Qd8 45.e4 Qxh4 46.Qxa5 Qxf2 47.Qc3+ Qf6 48.b4 g5 49.Kc2 g4 50.e5 Qf2+
51.Kb3 g3 52.Qf3 Bd7 53.Qh5 Qf4 54.Qe2 Bg4 55.Qc4 Bd1+ 56.Kc3 Qxe5+ 57.Qd4 Kf6
58.b5 Kf5 59.Qxe5+ Kxe5 60.Bg2 Kd6 61.b6 Ba4 62.Kd4 Bb5 63.Ke3 Ba6 64.Kf4 Kd7
65.Kxg3 Kc8 66.Bd5 f6 67.Kf4 Bb7 68.Be6+ Kb8 69.Kf5 Bc6 70.Kxf6 Kb7 71.Ke5 Kxb6
72.Kd4 Be8 73.Bc4 Bd7 74.Kc3 Be8 75.Kb4 Bd7  1/2-1/2